| 000 | 00834nam a22002537a 4500 | ||
|---|---|---|---|
| 005 | 20150328140641.0 | ||
| 008 | 141102t2014 maua frd 001 0 eng d | ||
| 020 | _a9781449686697 | ||
| 040 | _aEG-ScBUE | ||
| 082 | 0 | 0 |
_222 _a610.73 _bKIM |
| 100 | 1 |
_aKim, MyoungJin. _936406 |
|
| 245 | 1 | 0 |
_aStatistics evidence-based practice in nursing / _cMyoungJin Kim, Caroline Mallory. |
| 260 |
_aBurlington : _bJones & Bartlett Learning, _cc.2014. |
||
| 300 |
_axvii, 394 p. : _bill. ; _c23 cm. |
||
| 500 | _aIncludes appendixes. | ||
| 500 | _aGlossary : p. 377-383. | ||
| 500 | _aIndex : p. 385-394. | ||
| 500 | _aIncludes online access code. | ||
| 650 | 0 |
_927247 _aEvidence-based nursing. |
|
| 653 |
_bNNUR _cNovember2014 _cMarch2015 |
||
| 655 |
_vreading book _934232 |
||
| 700 | 1 |
_936407 _aMallory, Caroline. |
|
| 942 |
_2ddc _k610.73 KIM |
||
| 999 |
_c18533 _d18505 |
||